Spell the Marvel Villain #5 - Statistics

General Stats
  • This quiz has been taken 19 times
  • The average score is 4 of 6
Answer Stats
Picture Answer % Correct
Nebula
100%
Kraven the Hunter
94%
Enchantress
76%
Daken
53%
Deathbird
47%
Arkon
35%
No matching quizzes found
Score Distribution
Percent of People with Each Score
Percentile by Number Answered
Your Score History
You have not taken this quiz